Foot: Big 5 les clubs relégués en Division Inférieure - Statistiques

Statistiques générales
  • Ce quiz a été pris 87 fois
  • Le résultat moyen est 7 sur 14
Statistiques - réponses
Réponse % Correct
FC Metz
89%
Clermont Foot 63
81%
FC Lorient
81%
Luton Town
64%
Burnley FC
53%
Sheffield United
53%
US Sassuolo
43%
FC Cologne
42%
UD Almeria
42%
Cadix CF
39%
US Salernitana
39%
Grenade CF
34%
SV Darmstadt 98
31%
Frosinone Calcio
24%
Aucun quiz correspondant
Distribution des résultats
% des personnes avec chaque résultat
Percentile par nombre de réponses
Votre historique - résultats
Vous n’avez pas pris ce quiz